|
|
|
|
| LEADER |
01371nam a2200373 4500 |
| 001 |
ocn958149867 |
| 003 |
OCoLC |
| 005 |
20180501122032.0 |
| 006 |
m o d |
| 007 |
cr cnu---unuuu |
| 008 |
160909s2016 enk o 001 0 eng d |
| 040 |
|
|
|a OPELS
|b eng
|e rda
|e pn
|c OPELS
|d OCLCF
|d D6H
|d GrThAP
|
| 020 |
|
|
|a 9780128047736
|q (print)
|
| 035 |
|
|
|a (OCoLC)958149867
|
| 050 |
|
4 |
|a S405
|
| 082 |
0 |
4 |
|a 630
|2 23
|
| 049 |
|
|
|a TEFA
|
| 245 |
0 |
0 |
|a Advances in agronomy.
|n Volume 139 /
|c edited by Donald L. Sparks.
|
| 264 |
|
1 |
|a London, United Kingdom :
|b Academic Press is an imprint of Elsevier,
|c 2016.
|
| 300 |
|
|
|a 1 online resource.
|
| 336 |
|
|
|a text
|b txt
|2 rdacontent
|
| 337 |
|
|
|a computer
|b c
|2 rdamedia
|
| 338 |
|
|
|a online resource
|b cr
|2 rdacarrier
|
| 500 |
|
|
|a Includes index.
|
| 588 |
0 |
|
|a Online resource; title from title details screen (ScienceDirect, viewed September 9, 2016).
|
| 650 |
|
0 |
|a Agronomy.
|
| 650 |
|
0 |
|a Agriculture
|x Research.
|
| 650 |
|
0 |
|a Agriculture
|x Economic aspects.
|
| 650 |
|
7 |
|a Agriculture
|x Economic aspects.
|2 fast
|0 (OCoLC)fst00801415
|
| 650 |
|
7 |
|a Agriculture
|x Research.
|2 fast
|0 (OCoLC)fst00801593
|
| 650 |
|
7 |
|a Agronomy.
|2 fast
|0 (OCoLC)fst00801886
|
| 655 |
|
4 |
|a Electronic books.
|
| 700 |
1 |
|
|a Sparks, Donald L.,
|d 1953-
|e editor.
|
| 856 |
4 |
0 |
|u https://www.sciencedirect.com/science/bookseries/00652113/139
|z Full Text via HEAL-Link
|